Environmental impact assessment (EIA) : Cutting edge for the twenty-first century
Shranjeno v:
| Glavni avtor: | |
|---|---|
| Format: | Knjiga |
| Jezik: | Undetermined |
| Izdano: |
New York
Cambridge University Press
1995
|
| Teme: | |
| Oznake: |
Označite
Brez oznak, prvi označite!
|
| Thư viện lưu trữ: | Trung tâm Học liệu Trường Đại học Cần Thơ |
|---|
| LEADER | 00617nam a2200205Ia 4500 | ||
|---|---|---|---|
| 001 | CTU_142008 | ||
| 008 | 210402s9999 xx 000 0 und d | ||
| 082 | |a 333.7 | ||
| 082 | |b G489 | ||
| 100 | |a Gilpin, Alan | ||
| 245 | 0 | |a Environmental impact assessment (EIA) : | |
| 245 | 0 | |b Cutting edge for the twenty-first century | |
| 245 | 0 | |c Alan Gilpin | |
| 260 | |a New York | ||
| 260 | |b Cambridge University Press | ||
| 260 | |c 1995 | ||
| 650 | |a Environmental impact analysis,Environmental impact analysis | ||
| 650 | |x Case studies | ||
| 904 | |i Q. Hieu | ||
| 980 | |a Trung tâm Học liệu Trường Đại học Cần Thơ | ||